| 000 | 00000nam##2200000za#4500 |
| 001 | 9.606860 |
| 003 | CaOODSP |
| 005 | 20210624212833 |
| 007 | cr ||||||||||| |
| 008 | 150406|2003||||xxc|||||o f|0| 0 fre|d |
| 022 | |a1488-545X |
| 040 | |aCaOODSP|bfre |
| 043 | |an-cn--- |
| 086 | 1 |aFs97-6/2469F-PDF |
| 110 | 1 |aCanada. |bMinistère des pêches et des océans. |
| 245 | 10|aÉvaluation de douze gisements de mye commune (Mya arenaria) du sud de la Gaspésie / |h[ressource électronique]|c[par] Isabelle Roy
[et al.] |
| 260 | |aMont-Joli - Québec : |bPêches et Océans Canada |c2003. |
| 300 | |a158p.|bfigures, références, tableaux |
| 490 | 1 |aRapport technique canadien des sciences halieutiques et aquatiques|x1488-545X|vN° 2469 |
| 546 | |a(Abstract in English). |
| 590 | |a14-06-Supp|b2014-03-21 |
| 720 | 1 |aRoy, Isabelle |
| 830 | #0|aRapport technique canadien des sciences halieutiques et aquatiques,|x1488-545X|vN° 2469|w(CaOODSP)9.500867 |
| 856 | 40|ahttp://publications.gc.ca|qPDF|s7452 Ko|uhttps://publications.gc.ca/collections/collection_2014/mpo-dfo/Fs97-6-2469-fra.pdf|yN° 2469 |